000 00412nam a2200169Ia 4500
008 230711s9999||||xx |||||||||||||| ||und||
020 _a978-0-14-015460-3
041 _aENG
082 _a720.92
_bBH-L
100 _aBhatia,Gautam
245 0 _aLaurie Baker, life, work, writings
250 _a11th Ed.
260 _c1991
_aNew Delhi
_bPenguin Books
300 _a313p.
650 _aArchitecture
942 _cBK
999 _c6444
_d6444